| 000 | 01003nam a2200229Ia 4500 | ||
|---|---|---|---|
| 001 | 17747 | ||
| 003 | GE_BSU | ||
| 008 | 181216s||||||||xx |||||||||||||| ||und|| | ||
| 020 | _a9789941132070 | ||
| 040 | _cGE_BSU | ||
| 080 | _a574 | ||
| 245 | _a100+კითხვა-პასუხი გამოყენებით ეკოლოგიაში | ||
| 245 | _bმეთოდური მითითებანი | ||
| 245 | _cშემდგ-ბი: აბდალაძე,ოთარ., აზმაიფარაშვილი,მაია, ალაკბაროვი ურხან. რედ.:თენგიზ ურუშაძე., ლია მაჭავარიანი | ||
| 260 | _aთბილისი | ||
| 260 | _bთსუ | ||
| 260 | _c2011 | ||
| 300 | _a183გვ.20სმ. | ||
| 300 | _eბიბლ.გვ.179-183 | ||
| 653 | _a100+კითხვა-პასუხი გამოყენებით ეკოლოგიაში | ||
| 942 | _cBK | ||
| 999 |
_c50795 _d50795 |
||